Đại Việt sử ký toàn thư : Dịch theo bản khắc năm Chính Hòa thứ 18 (1697)
Gorde:
| Formatua: | Liburua |
|---|---|
| Hizkuntza: | Undetermined |
| Argitaratua: |
Hà Nội
Khoa học - Xã hội
1998
|
| Etiketak: |
Etiketa erantsi
Etiketarik gabe, Izan zaitez lehena erregistro honi etiketa jartzen!
|
| Thư viện lưu trữ: | Trung tâm Học liệu Trường Đại học Cần Thơ |
|---|
| LEADER | 00497nam a2200157Ia 4500 | ||
|---|---|---|---|
| 001 | CTU_36859 | ||
| 008 | 210402s9999 xx 000 0 und d | ||
| 082 | |a 959.7012 | ||
| 082 | |b Đ103/T.4 | ||
| 245 | 0 | |a Đại Việt sử ký toàn thư : | |
| 245 | 0 | |b Dịch theo bản khắc năm Chính Hòa thứ 18 (1697) | |
| 260 | |a Hà Nội | ||
| 260 | |b Khoa học - Xã hội | ||
| 260 | |c 1998 | ||
| 904 | |i Giang sửa | ||
| 980 | |a Trung tâm Học liệu Trường Đại học Cần Thơ | ||